|
|
|
|
| LEADER |
01671nam a2200373 a 4500 |
| 001 |
mzk03001035458 |
| 003 |
CZ BrMZK |
| 005 |
20201202151612.0 |
| 007 |
ta |
| 008 |
060228s1788 gw fr|||||00| ||gerod |
| 040 |
|
|
|a BOA001
|b cze
|
| 072 |
|
7 |
|a 094
|x Staré tisky
|2 Konspekt
|9 12
|
| 080 |
|
|
|a (0.068)094
|2 MRF
|
| 100 |
1 |
|
|a Beck, Christian Daniel,
|d 1757-1832
|7 ola2008459763
|4 aut
|
| 245 |
1 |
0 |
|a Anleitung zur Kenntniß der allgemeinen Welt- und Völker-Geschichte für Studirende.
|n Zweyter Theil.,
|p Bis auf die Theilung der Carolingischen Monarchie. /
|c Von Christian Daniel Beck
|
| 246 |
3 |
0 |
|a Bis auf die Theilung der Carolingischen Monarchie
|
| 260 |
|
|
|a Leipzig :
|b in der Weidmannischen Buchhandlung,
|c 1788
|
| 300 |
|
|
|a VIII, 728 s. ;
|c 8°
|
| 500 |
|
|
|a Výzdoba: Ozdobné linky
|
| 510 |
4 |
|
|a VD18,
|c VD18 90137272
|u https://kxp.k10plus.de/DB=1.65/PPNSET?PPN=023092319
|
| 561 |
|
|
|a Provenience: [mědirytinové erbovní exlibris] Friedrich Graf Sylva Tarouca
|
| 561 |
|
|
|a Provenience: [razítko] Franzmuseum D.K.K.M.S. Ackerbaugesellschaft
|
| 563 |
|
|
|a Původní polokožená vazba se zlaceným hřbetem
|
| 655 |
|
7 |
|a staré tisky
|7 fd422076
|2 czenas
|
| 856 |
4 |
2 |
|u http://mdz-nbn-resolving.de/urn:nbn:de:bvb:12-bsb10031034-6
|y Digitalizovaný dokument
|z exemplář Bayerische Staatsbibliothek, sign. H.un. 23-2
|
| 903 |
|
|
|a RP
|
| 910 |
|
|
|a BOA001
|b ST2-0000.566,2
|
| 978 |
|
|
|b Weidmann, Moritz Georg II. - dědici
|a Leipzig
|c 1788
|
| 984 |
|
|
|a Lipsko
|b Německo
|
| 985 |
|
|
|a 1751-1800
|
| 990 |
|
|
|a BK
|
| 993 |
|
|
|a Y
|
| 991 |
|
|
|k mzk
|
| 996 |
6 |
|
|b 2619272731
|c ST2-0000.566,2
|l stud. ST
|r Sklad / do násl. otevíracího dne
|n 0
|w 001035478
|u 000010
|a 1
|e BOA001
|s P
|